Теоретические основы автоматического регулирования тепловых процессов: учебное пособие
| Main Author: | |
|---|---|
| Language: | Russian |
| Published: |
Москва, Высшая школа, 1967-
|
| Format: | Book |
| KOHA link: | https://koha.lib.tpu.ru/cgi-bin/koha/opac-detail.pl?biblionumber=50718 |
MARC
| LEADER | 00000nam1a2200000 4500 | ||
|---|---|---|---|
| 001 | 50718 | ||
| 005 | 20231031033415.0 | ||
| 035 | |a (RuTPU)RU\TPU\book\53099 | ||
| 090 | |a 50718 | ||
| 100 | |a 20030418d1967 m y0rusy50 ca | ||
| 101 | 0 | |a rus | |
| 102 | |a RU | ||
| 200 | 1 | |a Теоретические основы автоматического регулирования тепловых процессов |e учебное пособие |f С. Г. Герасимов | |
| 210 | |a Москва |c Высшая школа |d 1967- | ||
| 700 | 1 | |a Герасимов |b С. Г. |g Сергей Григорьевич | |
| 801 | 1 | |a RU |b 63413507 |c 20030418 |g PSBO | |
| 942 | |c BK | ||